Pozycja Personal Name
Liczba rekordów, w których użyto hasła: 1
001 - Numer kontrolny
- control field: 40614
003 - Identyfikator numeru kontrolnego
- control field: NUKAT
005 - Data i czas ostatniej modyfikacji
- control field: 20260427103826.0
008 - Dane kontrolne kodowane (40 znaków)
- fixed length control field: 970902n||a|znnaabn |a aaa |c
010 ## - Numer kontrolny Biblioteki Kongresu
- numer kontrolny LC: n 97072337
040 ## - Instytucja sporządzająca rekord
- inst. przygot. dane do rek. khw: LUBL U/KJ
- język haseł przedmiotowych/tezaurus: kaba
- inst. wprow. rek. khw: LUBL U/KJ
- inst. modyf. rek. khw: WA U/MJK
- inst. modyf. rek. khw: KR U/bs
- inst. modyf. rek. khw: WA 303/MW
043 ## - Kod obszaru geograficznego
- ISO code: LT
046 ## - Special dates
- Birth date: 1961
100 1# - Hasło - nazwa osobowa
- nazwa osobowa w formie ujednoliconej: Nikžentaitis, Alvydas
- daty biograficzne: (1961- ).
368 ## - Other Attributes
- Title of person: doktor habilitowany
370 ## - Associated place
- Country: Litwa.
- Auth control #: http://nukat.edu.pl/aut/s 96012902
- Source of term: kaba
370 ## - Associated place
- Residence/HQ: Wilno (Litwa).
- Auth control #: http://nukat.edu.pl/aut/s 96012491
- Source of term: kaba
370 ## - Associated place
- Residence/HQ: Kłajpeda (Litwa).
- Auth control #: http://nukat.edu.pl/aut/s 99082446
- Source of term: kaba
372 ## - Field of activity
- Field: Historia.
- Auth control #: http://nukat.edu.pl/aut/s 94205867
- Source of term: kaba
373 ## - Associated Group
- Associated group: Vytauto Didžiojo universitetas.
- Auth control #: http://nukat.edu.pl/aut/n 99073294
373 ## - Associated Group
- Associated group: Vilniaus Valstybinis Vinco Kapsuko Universitetas.
- End period: 1984
- Auth control #: http://nukat.edu.pl/aut/n 96206055
373 ## - Associated Group
- Associated group: Klaipėdos Universitetas.
- Auth control #: http://nukat.edu.pl/aut/n 2003058248
373 ## - Associated Group
- Associated group: Lietuvos istorijos institutas.
- Auth control #: http://nukat.edu.pl/aut/n 96205035
374 ## - Occupation
- Occupation: Historycy.
- Auth control #: http://nukat.edu.pl/aut/s 94205772
- Source of term: kaba
374 ## - Occupation
- Occupation: Nauczyciele akademiccy.
- Auth control #: http://nukat.edu.pl/aut/s 97050877
- Source of term: kaba
375 ## - Gender
- Gender: 1
- Source of term: iso5218
377 ## - Assoc lang
- Lang code: lit
- Lang code: rus
400 1# - Trop zob. - nazwa osobowa
- nazwa osobowa (nazwisko, imiona): Nikzhiantaitis, Alvidas.
400 1# - Trop zob. - nazwa osobowa
- nazwa osobowa (nazwisko, imiona): Nikžentaitis, A.
400 1# - Trop zob. - nazwa osobowa
- nazwa osobowa (nazwisko, imiona): Nìkžantajcìs, Al'vìdas.
670 ## - Źródło informacji
- źródło informacji: LCN'1996 Sept.
670 ## - Źródło informacji
- źródło informacji: Kp. Gediminas / Alvydas Nikžentaitis. - Vilnius, 1989.
670 ## - Źródło informacji
- źródło informacji: Witold i Jagiełło / Alvydas Nikžentaitis. - Poznań, 2000.
- gdzie znaleziono informację: Biogram
670 ## - Źródło informacji
- źródło informacji: Lìtva - Belarus' / skladal'nìk Al'vìdas Nìkžantajcìs. - Vìl'nûs, 2023.
670 ## - Źródło informacji
- źródło informacji: pl.wikipedia, 05.04.2024
- adres internetowy: https://pl.wikipedia.org/wiki/Alvydas_Nik%C5%BEentaitis